| 000 | 01390nam a2200289Ia 4500 | ||
|---|---|---|---|
| 999 |
_c53522 _d53522 |
||
| 001 | 20568 | ||
| 003 | GE_BSU | ||
| 005 | 20210222010744.0 | ||
| 008 | 181216s2017||||ge |||||||||||||| ||geo|| | ||
| 020 | _a9789941096679 | ||
| 040 | _cGE_BSU | ||
| 041 | _ageo | ||
| 080 | _a616.314.16 გ-59 | ||
| 100 |
_aგოგილაშვილი, ქეთევან _93387 |
||
| 245 |
_aბავშვთა და მოზრდილთა ენდოდონტია / _cქეთევან გოგილაშვილი, სოფიო სამხარაძე. |
||
| 264 |
_aთურქეთი : _bწიგნი დაბეჭდილია სტამბაში IMAK, _c2017. |
||
| 300 |
_a544 გვ. : _b სურ. ; _c24 სმ. |
||
| 500 | _aწიგნი დაბეჭდილია სტამბაში IMAK, თურქეთი | ||
| 504 | _aბიბლიოგრ. : გვ. 540-544 | ||
| 520 | _aთავფურცლის მეორე გვერდი ინგლისურ ენაზე | ||
| 541 | _h114 ლ. | ||
| 653 | _aბავშვთა და მოზრდილთა ენდოდონტია | ||
| 653 | _aმედიცინა | ||
| 653 | _aსტომატოლოგია | ||
| 700 |
_aსამხარაძე, სოფიო _eავტორი _910179 |
||
| 942 |
_cBK _2udc |
||